Matlab and Simulink dành cho kỹ sư điều khiển tự động

محفوظ في:
التفاصيل البيبلوغرافية
المؤلف الرئيسي:  Nguyễn Phùng Quang
التنسيق: Sách
اللغة:Undetermined
منشور في:  Khoa học và Kỹ thuật  2008
الموضوعات:
الوسوم: إضافة وسم
لا توجد وسوم, كن أول من يضع وسما على هذه التسجيلة!
Thư viện lưu trữ: Trung tâm Thư viện - Trường Đại học Công nghiệp TP. Hồ Chí Minh
LEADER 00559nam a2200157Ia 4500
001 UIH_04752
008 231011s9999 xx 000 0 und d
082 |a  629.895 
100 |a  Nguyễn Phùng Quang 
245 0 |a  Matlab and Simulink dành cho kỹ sư điều khiển tự động 
245 0 |c  Nguyễn Phùng Quang 
260 |b  Khoa học và Kỹ thuật 
260 |c  2008 
650 |a  Tự động hóa;  
927 |a Sách 
980 |a Trung tâm Thư viện - Trường Đại học Công nghiệp TP. Hồ Chí Minh